Acapulco (Record no. 9734)

MARC details
000 -CABECERA
campo de control de longitud fija 00735nam a2200229 a 4500
001 - NÚMERO DE CONTROL
campo de control BRL_922
005 - FECHA Y HORA DE LA ÚLTIMA TRANSACCIÓN
campo de control 20190320210944.0
008 - DATOS DE LONGITUD FIJA--INFORMACIÓN GENERAL
campo de control de longitud fija 241013s1955----mx-ao#####---#000-0#eng-#
041 ## - CÓDIGO DE LENGUA
Código de lengua del texto/banda sonora o título independiente eng
044 ## - CÓDIGO DEL PAÍS DE LA ENTIDAD EDITORA/PRODUCTORA
Código MARC del país mx
050 #4 - SIGNATURA TOPOGRÁFICA DE LA BIBLIOTECA DEL CONGRESO
Número de clasificación F1391.A2
Número de documento/Ítem .V37 1955
100 1# - ENTRADA PRINCIPAL--NOMBRE DE PERSONA
Nombre de persona Varona, Esteban A. de
9 (RLIN) 879
245 10 - MENCIÓN DE TÍTULO
Título Acapulco
Mención de responsabilidad, etc. Text and Photographs by Esteban A. de Varona ; translated from the original in spanish by Leonard Cooper.
260 ## - PUBLICACIÓN, DISTRIBUCIÓN, ETC.
Lugar de publicación, distribución, etc. México
Nombre del editor, distribuidor, etc. Maupome y Martínez
Fecha de publicación, distribución, etc. 1955
300 ## - DESCRIPCIÓN FÍSICA
Extensión 41 p.
Otras características físicas il., 44 fotografías
Dimensiones 20 cm.
500 ## - NOTA GENERAL
Nota general Au1070
500 ## - NOTA GENERAL
Nota general Incluye dedicatoria a Ruth Lechuga
651 #4 - PUNTO DE ACCESO ADICIONAL DE MATERIA--NOMBRE GEOGRÁFICO
Nombre geográfico Acapulco (Guerrero)
Subdivisión general Descripción y viajes
9 (RLIN) 25332
700 1# - PUNTO DE ACCESO ADICIONAL--NOMBRE DE PERSONA
Nombre de persona Cooper, Leonard
Término indicativo de función/relación tr.
9 (RLIN) 25333
902 ## - CATALOGADOR
Iniciales GRL
942 ## - ELEMENTOS DE PUNTO DE ACCESO ADICIONAL (KOHA)
Fuente del sistema de clasificación o colocación Library of Congress Classification
Tipo de ítem Koha Libros
Holdings
Estado de retiro Estado de pérdida Estado dañado No para préstamo Localización permanente Ubicación/localización actual Fecha de adquisición Número de inventario Total de préstamos Signatura topográfica completa Código de barras Fecha visto por última vez Precio válido a partir de Tipo de ítem Koha
El ejemplar forma parte de la colección y puede ser consultado según las políticas vigentes.       Biblioteca Centro de Estudios Ruth D. Lechuga Biblioteca Centro de Estudios Ruth D. Lechuga 24/10/2013 Au1070   F1391.A2 .V37 1955 (Au1070) GRL01000 22/03/2019 22/03/2019 Libros